00626nam a22001697a 4500003000900000005001700009007000300026008003600029020001800065040002600083082000600109110006100115245017000176260006000346300002000406504003000426DO-SdBNP20230320114331.0ta210609b 2020 dr 00| 0 eng d a9789945591996 aDO-SdBNPbspacBNPHU  4221 aRepública Dominicana :bMinisterio de Salud Pública.10aDirectrices para el majejo, traslado y disposición final de cadáveres por covid-19 República Dominicana /cMinisterio de Salud Pública y Asistencia Social. aSanto Domingo : bMinisterio de Salud Pública,c2020. a18 p. ;c20 cm. aBibliografía : p. 17-18